[Event "DVM U20 2019"]
[Site "Braunschweig GER"]
[Date "2019.12.27"]
[Round "2"]
[White "Verfürth, Kevin"]
[Black "Triantafillidis, Simeon"]
[Result "1/2-1/2"]
[Termination "normal"]
[Board "8.3"]
[WhiteElo "2038"]
[BlackElo "1931"]
[WhiteClock "00:29:57"]
[BlackClock "00:26:59"]
[WhiteTeam "Schachklub Turm Kleve 1974 e. V."]
[BlackTeam "SF HN-Biberach 1978 e.V."]
[PlyCount "88"]
[WhiteFideId "12954829"]
[BlackFideId "12953113"]
[EventCountry "GER"]
[EventRounds "7"]
[EventType "team-swiss"]
[EventDate "2019.12.26"]

1. c4 {[%clk 1:30:56]} e5 {[%clk 1:30:50]} 2. g3 {[%clk 1:31:19]} Nf6 {[%clk
1:31:11]} 3. Bg2 {[%clk 1:31:43]} d5 {[%clk 1:31:26]} 4. cxd5 {[%clk 1:31:50]}
Nxd5 {[%clk 1:31:47]} 5. Nc3 {[%clk 1:32:13]} Nb6 {[%clk 1:32:10]} 6. e3 {[%clk
1:32:10]} Nc6 {[%clk 1:29:53]} 7. Nge2 {[%clk 1:32:28]} Be7 {[%clk 1:23:15]} 8.
f4 {[%clk 1:28:52]} exf4 {[%clk 1:07:13]} 9. Nxf4 {[%clk 1:28:25]} Ne5 {[%clk
1:07:08]} 10. O-O {[%clk 1:26:38]} c6 {[%clk 1:05:32]} 11. d4 {[%clk 1:25:51]}
Ng6 {[%clk 1:05:00]} 12. e4 {[%clk 1:16:21]} O-O {[%clk 1:04:16]} 13. b3 {[%clk
1:15:16]} c5 {[%clk 1:02:08]} 14. Ncd5 {[%clk 1:09:20]} Nxd5 {[%clk 0:54:48]}
15. Nxd5 {[%clk 1:09:19]} cxd4 {[%clk 0:54:57]} 16. Bb2 {[%clk 1:00:12]} Bc5
{[%clk 0:52:54]} 17. b4 {[%clk 0:58:56]} Bd6 {[%clk 0:50:48]} 18. Bxd4 {[%clk
0:57:55]} Be6 {[%clk 0:51:02]} 19. a3 {[%clk 0:54:38]} Bxd5 {[%clk 0:49:22]}
20. exd5 {[%clk 0:54:52]} Be5 {[%clk 0:48:39]} 21. Rc1 {[%clk 0:52:03]} Bxd4+
{[%clk 0:40:14]} 22. Qxd4 {[%clk 0:52:22]} Qd7 {[%clk 0:39:37]} 23. Rc3 {[%clk
0:47:44]} Ne7 {[%clk 0:28:16]} 24. Rfc1 {[%clk 0:46:11]} Nf5 {[%clk 0:25:13]}
25. Qf4 {[%clk 0:44:41]} Nd6 {[%clk 0:16:01]} 26. Rc7 {[%clk 0:41:47]} Qd8
{[%clk 0:16:25]} 27. a4 {[%clk 0:41:25]} Rc8 {[%clk 0:15:53]} 28. Rxc8 {[%clk
0:37:30]} Nxc8 {[%clk 0:16:17]} 29. Qc7 {[%clk 0:32:49]} Nd6 {[%clk 0:14:46]}
30. Qxd8 {[%clk 0:28:02]} Rxd8 {[%clk 0:15:08]} 31. Rc7 {[%clk 0:28:18]} g6
{[%clk 0:14:43]} 32. Kf2 {[%clk 0:27:29]} Kg7 {[%clk 0:13:52]} 33. Ke3 {[%clk
0:21:31]} Kf6 {[%clk 0:11:41]} 34. Kd4 {[%clk 0:19:35]} h5 {[%clk 0:08:31]} 35.
Bh3 {[%clk 0:17:47]} g5 {[%clk 0:06:23]} 36. Bf1 {[%clk 0:13:25]} Nf5+ {[%clk
0:02:41]} 37. Kc5 {[%clk 0:10:47]} Ke5 {[%clk 0:02:05]} 38. Bc4 {[%clk
0:09:59]} Nd6 {[%clk 0:02:00]} 39. Re7+ {[%clk 0:06:26]} Kf6 {[%clk 0:02:18]}
40. Re2 {[%clk 0:05:07]} Nf5 {[%clk 0:01:45]} 41. b5 {[%clk 0:01:42]} Rc8+
{[%clk 0:26:49]} 42. Kb4 {[%clk 0:30:53]} Nd6 {[%clk 0:26:57]} 43. Bd3 {[%clk
0:29:57]} b6 {[%clk 0:26:59]} 44. Bc2 Ke5 1/2-1/2

[Event "DVM U20 2019"]
[Site "Braunschweig GER"]
[Date "2019.12.27"]
[Round "2"]
[White "Habersetzer, Elyse"]
[Black "Fischer, Patrick"]
[Result "0-1"]
[Termination "normal"]
[Board "8.5"]
[WhiteElo "1650"]
[BlackElo "1604"]
[WhiteClock "00:35:41"]
[BlackClock "00:46:22"]
[WhiteTeam "Schachklub Turm Kleve 1974 e. V."]
[BlackTeam "SF HN-Biberach 1978 e.V."]
[PlyCount "70"]
[WhiteFideId "16222288"]
[BlackFideId "12953075"]
[EventCountry "GER"]
[EventRounds "7"]
[EventType "team-swiss"]
[EventDate "2019.12.26"]

1. d4 {[%clk 1:30:58]} d5 {[%clk 1:30:52]} 2. e3 {[%clk 1:31:24]} c6 {[%clk
1:31:16]} 3. Bd3 {[%clk 1:31:45]} Nf6 {[%clk 1:31:20]} 4. f4 {[%clk 1:31:44]}
e6 {[%clk 1:31:21]} 5. Nf3 {[%clk 1:31:47]} c5 {[%clk 1:30:32]} 6. c3 {[%clk
1:31:34]} Nc6 {[%clk 1:29:48]} 7. O-O {[%clk 1:31:19]} c4 {[%clk 1:26:44]} 8.
Bc2 {[%clk 1:31:07]} Be7 {[%clk 1:25:34]} 9. Nbd2 {[%clk 1:30:40]} O-O {[%clk
1:25:41]} 10. Ne5 {[%clk 1:30:30]} Bd7 {[%clk 1:22:15]} 11. Rf3 {[%clk
1:23:36]} g6 {[%clk 1:20:51]} 12. Rh3 {[%clk 1:17:28]} b5 {[%clk 1:20:30]} 13.
a3 {[%clk 1:12:51]} Ne8 {[%clk 1:13:07]} 14. e4 {[%clk 1:07:57]} f5 {[%clk
1:12:31]} 15. exd5 {[%clk 1:01:41]} exd5 {[%clk 1:12:51]} 16. Re3 {[%clk
0:58:00]} Nf6 {[%clk 1:12:43]} 17. Qe1 {[%clk 0:54:45]} Ne4 {[%clk 1:12:55]}
18. g4 {[%clk 0:44:49]} Bh4 {[%clk 1:10:42]} 19. Qe2 {[%clk 0:43:13]} Bf2+
{[%clk 1:09:15]} 20. Kh1 {[%clk 0:42:11]} Bxe3 {[%clk 1:09:07]} 21. Qxe3 {[%clk
0:41:51]} Nxd2 {[%clk 0:58:42]} 22. Nxc6 {[%clk 0:39:49]} Bxc6 {[%clk 0:58:36]}
23. Qe6+ {[%clk 0:38:31]} Rf7 {[%clk 0:55:18]} 24. gxf5 {[%clk 0:33:31]} Bd7
{[%clk 0:51:58]} 25. Qxd5 {[%clk 0:33:35]} Bxf5 {[%clk 0:47:17]} 26. Qxd8+
{[%clk 0:33:48]} Rxd8 {[%clk 0:47:40]} 27. Bxf5 {[%clk 0:34:02]} Nb3 {[%clk
0:47:08]} 28. Be6 {[%clk 0:33:33]} Nxa1 {[%clk 0:47:23]} 29. Bxf7+ {[%clk
0:33:57]} Kxf7 {[%clk 0:47:32]} 30. Kg2 {[%clk 0:34:22]} Re8 {[%clk 0:46:56]}
31. Kf2 {[%clk 0:34:44]} Nb3 {[%clk 0:46:19]} 32. Be3 {[%clk 0:35:04]} Na5
{[%clk 0:45:40]} 33. d5 {[%clk 0:35:18]} a6 {[%clk 0:45:56]} 34. Bc5 {[%clk
0:35:18]} Nb7 {[%clk 0:46:02]} 35. Bb4 {[%clk 0:35:41]} a5 {[%clk 0:46:22]} 0-1